Photographic stories of Foo Tee Jun exhibition = Pameran fotografi eksklusif Foo Tee Jun

Bibliographic Details
Corporate Author: Singapore Art Society
Format: Book
Published: Johor : Sutera Mall , 2011
Subjects:

MARC

LEADER 00000cam a2200000 7i4500
001 0000035334
005 20130205.0
008 130205
090 0 0 |a 779.092   |b PHO 
245 1 0 |a Photographic stories of Foo Tee Jun exhibition = Pameran fotografi eksklusif Foo Tee Jun 
260 |a Johor :   |b Sutera Mall ,   |c 2011 
650 0 |a Photography, Artistic exhibition 
650 0 |a Potraits photography   |x Exhibitions 
710 0 |a Singapore Art Society 
999 |a 0001154455   |b Book   |c Adult Collection   |e Perbadanan Perpustakaan Awam Johor